| 000 | 00386cam a22001337a 4500 | ||
|---|---|---|---|
| 008 | 180718b1960 xxu||||| |||| 00| 0 eng d | ||
| 082 | _aA6x68 A155 | ||
| 100 | _aAllighan, Garry | ||
| 245 |
_aCurtain-up on South Africa: presenting a national drama _cby Garry Allighan |
||
| 260 |
_aLondon _bT.V. Boardman _c1960 |
||
| 300 | _a276p. | ||
| 500 | _a21/- | ||
| 650 | _aAfrica, South - History | ||
| 999 |
_c477949 _d477949 |
||